Busiest Airports in the Southern Hemisphere - Statistics

General Stats
  • This quiz has been taken 212 times
  • The average score is 19 of 25
Answer Stats
# Number of Passengers Answer % Correct
3 41,870,000 Kingsford Smith Airport, Sydney
99%
14 15,005,304 Rio de Janeiro–Galeão International Airport, Rio de Janeiro
97%
22 9,165,905 Santos Dumont Airport, Rio de Janeiro
97%
4 36,706,000 Tullamarine Airport, Melbourne
97%
15 13,690,610 Perth Airport, Perth
95%
7 23,324,306 Comodoro Arturo Merino Benítez International Airport, Santiago
93%
1 66,908,159 Soekarno-Hatta International Airport, Jakarta
91%
8 23,205,702 Brisbane Airport, Brisbane
90%
17 13,365,290 Jorge Newbery Airport, Buenos Aires
90%
18 11,201,350 Ministro Pistarini International Airport, Buenos Aires
90%
9 21,961,782 Congonhas-São Paulo Airport, São Paulo
89%
2 42,230,432 São Paulo–Guarulhos International Airport, São Paulo
89%
12 20,025,922 Auckland Airport, Auckland
88%
19 10,752,246 Cape Town International Airport, Cape Town
88%
5 23,779,937 Jorge Chávez International Airport, Lima
86%
10 21,231,510 O. R. Tambo International Airport, Johannesburg
85%
13 17,855,163 Brasília International Airport, Brasília
77%
20 10,591,138 Tancredo Neves International Airport, Belo Horizonte
59%
25 8,301,172 Salgado Filho International Airport, Porto Alegre
53%
24 8,399,935 Recife/Guararapes-Gilberto Freyre International Airport, Recife
52%
6 23,779,178 Ngurah Rai International Airport, Denpasar
50%
11 20,951,063 Juanda International Airport, Surabaya
45%
21 9,223,074 Viracopos International Airport, Campinas
29%
16 13,537,770 Sultan Hasanuddin International Airport, Makassar
13%
23 8,430,622 Adisutjipto International Airport, Yogyakarta
9%
No matching quizzes found
Score Distribution
Percent of People with Each Score
Percentile by Number Answered
Your Score History
You have not taken this quiz